000 00868nam a2200241Ia 4500
003 GCL
005 20240530101945.0
008 140319s9999 xx 000 0 ara d
017 _a1994/7124
_bمصر . دار الكتب المصرية
020 _a9770140309
040 _aGCL /
_cGCL
082 0 4 _a215.96216
_bق/د ا
_221
100 1 _aدودج، بيارد
245 1 0 _aالازهر فى الف عام /
_cتاليف دودج، بيارد ، ترجمة حسين فوزى النجار
260 _aالقاهرة :
_bالهيئة المصرية العامة للكتاب ،
_c1994
300 _a195 ص ؛
_c24 سم
650 0 4 _aالدولة الفاطمية
650 0 4 _aالتاريخ
650 0 4 _aالاثار الاسلامية
650 0 4 _aجامعة الازهر
700 1 _aحسين فوزى النجار
_eمترجم
942 _2ddc
_cBK
999 _c28980
_d28980